[Event "Titled Tuesday intern op 02nd Apr Early"]
[Site "Chess.com INT"]
[Date "2024.04.02"]
[Round "5"]
[White "Kunal, M."]
[Black "Hernandez Fernandez, Ramon Alberto"]
[Result "1-0"]
[WhiteElo "2250"]
[BlackElo "2304"]
[PlyCount "95"]
[EventDate "2024.04.02"]
[EventType "swiss (blitz)"]
[EventRounds "11"]
[EventCountry "USA"]
[SourceTitle "CB15_2024"]
[SourceDate "2024.04.10"]
[SourceVersion "1"]
[SourceVersionDate "2024.04.10"]
[SourceQuality "1"]

1. e4 c5 2. Nf3 Nc6 3. Bb5 g6 4. 0-0 Bg7 5. Bxc6 dxc6 6. d3 Nf6 7. h3 e5 8. Nxe5 0-0 9. Nf3 c4 10. e5 Nd7 11. d4 Nb6 12. Nc3 Bf5 13. Re1 Nd5 14. Ne4 Qb6 15. c3 Rad8 16. Nd6 Bd3 17. Qd2 Qc7 18. b3 b5 19. bxc4 bxc4 20. a4 Qa5 21. Bb2 Rb8 22. Rec1 Rb3 23. Ne1 Rfb8 24. Nxd3 cxd3 25. Ra2 Qa6 26. Ne4 Qb6 27. Ba1 Rb1 28. Kh2 Qb3 29. Rxb1 Qxb1 30. Rb2 Rxb2 31. Qxb2 Qxb2 32. Bxb2 Nb6 33. Nd2 Nxa4 34. Ba1 Bf8 35. Kg3 Ba3 36. Kf3 Bb2 37. Bxb2 Nxb2 38. Ke4 Kg7 39. f4 a5 40. d5 cxd5+ 41. Kxd5 a4 42. f5 a3 43. e6 fxe6+ 44. fxe6 Kf8 45. Kd6 a2 46. e7+ Ke8 47. Ne4 Nc4+ 48. Ke6 1-0

[Event "Titled Tuesday intern op 02nd Apr Early"]
[Site "Chess.com INT"]
[Date "2024.04.02"]
[Round "3"]
[White "Mende, Andreas"]
[Black "Hernandez Fernandez, Ramon Alberto"]
[Result "1-0"]
[WhiteElo "2101"]
[BlackElo "2304"]
[PlyCount "67"]
[EventDate "2024.04.02"]
[EventType "swiss (blitz)"]
[EventRounds "11"]
[EventCountry "USA"]
[SourceTitle "CB15_2024"]
[SourceDate "2024.04.10"]
[SourceVersion "1"]
[SourceVersionDate "2024.04.10"]
[SourceQuality "1"]

1. c4 g6 2. g3 Bg7 3. Bg2 Nf6 4. Nc3 d6 5. e4 0-0 6. Nge2 c5 7. 0-0 Nc6 8. d3 Rb8 9. h3 a6 10. a4 Nd7 11. Be3 Nd4 12. Rb1 b5 13. cxb5 axb5 14. axb5 Nxb5 15. Nxb5 Rxb5 16. d4 Ba6 17. Re1 Qb6 18. Qd2 Rb8 19. dxc5 Nxc5 20. Nc3 Rxb2 21. Nd5 Rxd2 22. Rxb6 Rxb6 23. Nxb6 Ra2 24. Nd5 e6 25. Nb4 Ra4 26. Nxa6 Rxa6 27. Rc1 Ra5 28. Bg5 Bd4 29. Be7 Bxf2+ 30. Kh2 Ra6 31. e5 Ra8 32. exd6 Nd7 33. Rc7 Ne5 34. g4 1-0

[Event "Capablanca Memorial op 49th"]
[Site "Havana"]
[Date "2014.05.12"]
[Round "5"]
[White "Rasmussen, Karsten"]
[Black "Hernandez Fernandez, Ramon Alberto"]
[Result "1/2-1/2"]
[WhiteElo "2430"]
[BlackElo "2293"]
[PlyCount "166"]
[EventDate "2014.04.08"]
[EventType "swiss"]
[EventRounds "10"]
[EventCountry "CUB"]
[SourceTitle "CBM 160 Extra"]
[Source "ChessBase"]
[SourceDate "2014.07.01"]
[SourceVersion "1"]
[SourceVersionDate "2014.07.01"]
[SourceQuality "1"]

1. g3 Nf6 2. Bg2 g6 3. d4 Bg7 4. e4 d6 5. Ne2 0-0 6. 0-0 e5 7. c4 Nc6 8. d5 Ne7 9. Nbc3 Nd7 10. Be3 f5 11. Qd2 Nf6 12. f3 Bd7 13. Rae1 Kh8 14. h3 fxe4 15. fxe4 h5 16. c5 Neg8 17. Kh2 Kh7 18. Ng1 Bh6 19. cxd6 cxd6 20. Nf3 Qe7 21. a4 Rac8 22. Ng5+ Kg7 23. Kh1 a6 24. Rd1 Bxg5 25. Bxg5 Qd8 26. Rf2 Qb6 27. Rdf1 Nh7 28. Rxf8 Rxf8 29. Rxf8 Nxf8 30. Qc2 Nf6 31. Nd1 N8h7 32. Bd2 Qd4 33. b3 Kf7 34. Bc3 Qc5 35. Qf2 Qa3 36. Qb2 Qc5 37. Bd2 Ke7 38. Kh2 Kf7 39. Be3 Qa5 40. Qc2 Ne8 41. Nb2 b5 42. Qf2+ Nhf6 43. Qd2 Qxd2 44. Bxd2 bxa4 45. bxa4 Bc8 46. Nc4 Nd7 47. Bb4 Ke7 48. Kg1 g5 49. a5 Bb7 50. Kf2 Bc8 51. Ke3 Bb7 52. Bf3 g4 53. hxg4 hxg4 54. Bxg4 Ndf6 55. Bf3 Kd7 56. Nb6+ Ke7 57. Bd1 Nc7 58. g4 Bxd5 59. Nc8+ Kd7 60. Nxd6 Bxe4 61. Nxe4 Nfd5+ 62. Kd3 Nxb4+ 63. Kc4 Nbd5 64. Ba4+ Ke6 65. Nc5+ Kd6 66. Ne4+ Ke6 67. Kc5 Nf6 68. Nxf6 Kxf6 69. Bd1 e4 70. Be2 Ke5 71. Kc6 Nd5 72. Bc4 Nb4+ 73. Kc5 Nd3+ 74. Kb6 Kd4 75. Bb3 Nf2 76. g5 e3 77. g6 e2 78. g7 e1Q 79. g8Q Qb4+ 80. Kxa6 Qd6+ 81. Kb5 Qc5+ 82. Ka6 Qc6+ 83. Ka7 Qc7+ 1/2-1/2

[Event "Capablanca Memorial op 49th"]
[Site "Havana"]
[Date "2014.05.09"]
[Round "2"]
[White "Hernandez Fernandez, Ramon Alberto"]
[Black "Ginesta Caballero, Olga Lucia"]
[Result "1-0"]
[WhiteElo "2293"]
[BlackElo "2124"]
[PlyCount "57"]
[EventDate "2014.04.08"]
[EventType "swiss"]
[EventRounds "10"]
[EventCountry "CUB"]
[SourceTitle "CBM 160 Extra"]
[Source "ChessBase"]
[SourceDate "2014.07.01"]
[SourceVersion "1"]
[SourceVersionDate "2014.07.01"]
[SourceQuality "1"]

1. d4 Nf6 2. c4 e6 3. Nf3 Bb4+ 4. Bd2 Qe7 5. g3 Nc6 6. Bg2 Bxd2+ 7. Nbxd2 0-0 8. 0-0 d6 9. e4 e5 10. d5 Nb8 11. b4 a5 12. a3 Na6 13. Re1 Bd7 14. Rb1 axb4 15. axb4 Rfb8 16. Re3 b5 17. cxb5 Bxb5 18. Ra3 c6 19. dxc6 Bxc6 20. Qc2 Qd7 21. Qa2 Nc7 22. Rc1 Rxb4 23. Rxa8+ Nxa8 24. Ng5 Bb7 25. Bh3 Qe7 26. Nxf7 d5 27. Ng5 Nc7 28. Qa5 Nfe8 29. Bd7 1-0

[Event "Capablanca Memorial op-A 46th"]
[Site "Havana"]
[Date "2011.05.19"]
[Round "8"]
[White "Hernandez Fernandez, Ramon Alberto"]
[Black "Llaudy Pupo, Lisandra"]
[Result "1-0"]
[WhiteElo "2293"]
[BlackElo "2216"]
[PlyCount "95"]
[EventDate "2011.05.11"]
[EventType "swiss"]
[EventRounds "10"]
[EventCountry "CUB"]
[SourceTitle "CBM 142 Extra"]
[Source "ChessBase"]
[SourceDate "2011.06.27"]
[SourceVersion "1"]
[SourceVersionDate "2011.06.27"]
[SourceQuality "1"]

1. e4 Nf6 2. e5 Nd5 3. d4 d6 4. Nf3 g6 5. Bc4 Nb6 6. Bb3 Bg7 7. Ng5 d5 8. f4 h6 9. Nf3 Bg4 10. h3 Bxf3 11. Qxf3 e6 12. Be3 Nc6 13. c3 Qd7 14. Nd2 Na5 15. Bc2 Nac4 16. Nxc4 Nxc4 17. Bc1 h5 18. 0-0 Nb6 19. Be3 Nc4 20. Bc1 Nb6 21. b3 c6 22. Be3 Nc8 23. c4 Ne7 24. c5 Nf5 25. Bf2 h4 26. b4 Bf8 27. a4 Be7 28. b5 0-0 29. Rfb1 Rfc8 30. bxc6 bxc6 31. Rb4 Rab8 32. Rab1 Qc7 33. Qb3 Rxb4 34. Qxb4 Qd7 35. Qe1 Ng3 36. Bxg3 hxg3 37. Qxg3 Kg7 38. Qb3 Bd8 39. g4 Ba5 40. f5 exf5 41. gxf5 Rh8 42. f6+ Kg8 43. Kg2 Rh6 44. Qg3 Kh7 45. Rb8 Bc7 46. Rf8 Ba5 47. Qg4 Qb7 48. Qg5 1-0

[Event "Capablanca Memorial op-A 46th"]
[Site "Havana"]
[Date "2011.05.18"]
[Round "7"]
[White "Abreu Jean, Carlos Paul"]
[Black "Hernandez Fernandez, Ramon Alberto"]
[Result "1/2-1/2"]
[WhiteElo "2101"]
[BlackElo "2293"]
[PlyCount "92"]
[EventDate "2011.05.11"]
[EventType "swiss"]
[EventRounds "10"]
[EventCountry "CUB"]
[SourceTitle "CBM 142 Extra"]
[Source "ChessBase"]
[SourceDate "2011.06.27"]
[SourceVersion "1"]
[SourceVersionDate "2011.06.27"]
[SourceQuality "1"]

1. d4 Nf6 2. Nf3 g6 3. c4 Bg7 4. Nc3 0-0 5. e4 d6 6. Be2 Na6 7. 0-0 e5 8. d5 Nc5 9. Qc2 a5 10. Ne1 Bd7 11. Be3 b6 12. f3 Nh5 13. Nd3 f5 14. Nf2 Nf4 15. g3 Nxe2+ 16. Qxe2 f4 17. Bd2 Qf6 18. g4 h5 19. gxh5 gxh5 20. Kh1 Kh7 21. Rg1 Qf7 22. Nb5 Na6 23. Nd3 Bf6 24. a3 a4 25. Qd1 Bxb5 26. cxb5 Nc5 27. Nxc5 bxc5 28. Qc2 Qd7 29. Bc3 Rg8 30. Rxg8 Rxg8 31. Qe2 Bh4 32. Rg1 Rxg1+ 33. Kxg1 Qh3 34. b3 axb3 35. a4 Qc8 36. a5 Qb8 37. Kh1 Qa7 38. Qc4 b2 39. Qb3 c4 40. Qxb2 Qe3 41. Kg2 Be1 42. Bxe1 Qxe1 43. Qf2 Qxa5 44. Qh4 Qd2+ 45. Kh3 Kg6 46. Qd8 Qe2 1/2-1/2

[Event "Capablanca Memorial op-A 46th"]
[Site "Havana"]
[Date "2011.05.15"]
[Round "5"]
[White "Balanza Llama, Claudia de la C"]
[Black "Hernandez Fernandez, Ramon Alberto"]
[Result "0-1"]
[WhiteElo "1976"]
[BlackElo "2293"]
[PlyCount "64"]
[EventDate "2011.05.11"]
[EventType "swiss"]
[EventRounds "10"]
[EventCountry "CUB"]
[SourceTitle "CBM 142 Extra"]
[Source "ChessBase"]
[SourceDate "2011.06.27"]
[SourceVersion "1"]
[SourceVersionDate "2011.06.27"]
[SourceQuality "1"]

1. e4 c5 2. Nf3 d6 3. Bb5+ Nd7 4. d4 Ngf6 5. Nc3 cxd4 6. Qxd4 e5 7. Qd3 h6 8. 0-0 Be7 9. Ne2 0-0 10. Bxd7 Bxd7 11. c4 Rc8 12. b3 Qc7 13. Nc3 a6 14. Bb2 b5 15. cxb5 axb5 16. Rfc1 Qb7 17. Nd2 Bc6 18. f3 Nh5 19. Ne2 Rfd8 20. Nf1 d5 21. exd5 Rxd5 22. Qf5 g6 23. Qg4 Rcd8 24. Qe4 Bg5 25. Rc3 Qb6+ 26. Kh1 Bb7 27. Qc2 Qf2 28. Rc7 R5d7 29. Rxd7 Rxd7 30. Ba3 Nf4 31. Nd4 Qxd4 32. Bb2 Qd3 0-1

[Event "Capablanca Memorial op 45th"]
[Site "Havana"]
[Date "2010.06.20"]
[Round "10"]
[White "Hernandez Fernandez, Ramon Alberto"]
[Black "Vigoa Apecheche, Yanira"]
[Result "1/2-1/2"]
[WhiteElo "2301"]
[BlackElo "2302"]
[PlyCount "62"]
[EventDate "2010.06.10"]
[EventType "swiss"]
[EventRounds "10"]
[EventCountry "CUB"]
[SourceTitle "CBM 137 Extra"]
[Source "ChessBase"]
[SourceDate "2010.09.01"]
[SourceVersion "1"]
[SourceVersionDate "2010.09.01"]
[SourceQuality "1"]

1. e4 c5 2. Nf3 Nc6 3. d4 cxd4 4. Nxd4 Nf6 5. Nc3 e5 6. Ndb5 d6 7. Bg5 a6 8. Na3 Be6 9. Nc4 Rc8 10. Ne3 Be7 11. Be2 0-0 12. Bxf6 Bxf6 13. 0-0 Bg5 14. Ncd5 g6 15. c3 Kh8 16. Qd3 f5 17. Bf3 f4 18. Nc4 Ne7 19. Nd2 Nxd5 20. exd5 Bf5 21. Be4 Bh6 22. Rfe1 Rc7 23. c4 Qc8 24. f3 Bg5 25. b4 b6 26. Rac1 Bd7 27. Bxg6 Bh4 28. Re2 hxg6 29. Qxg6 Be7 30. Ne4 Rxc4 31. Rce1 Rxe4 1/2-1/2

[Event "Capablanca Memorial op 45th"]
[Site "Havana"]
[Date "2010.06.16"]
[Round "6"]
[White "Hernandez Fernandez, Ramon Alberto"]
[Black "Leyva Rivera, Yunier"]
[Result "1/2-1/2"]
[WhiteElo "2301"]
[BlackElo "2384"]
[PlyCount "48"]
[EventDate "2010.06.10"]
[EventType "swiss"]
[EventRounds "10"]
[EventCountry "CUB"]
[SourceTitle "CBM 137 Extra"]
[Source "ChessBase"]
[SourceDate "2010.09.01"]
[SourceVersion "1"]
[SourceVersionDate "2010.09.01"]
[SourceQuality "1"]

1. e4 c5 2. Nf3 e6 3. d4 cxd4 4. Nxd4 Nc6 5. Nb5 d6 6. c4 Nf6 7. N5c3 Be7 8. Be2 0-0 9. 0-0 b6 10. Be3 Bb7 11. Na3 a6 12. Rc1 Ne5 13. f3 Ned7 14. Qd2 Rc8 15. Rfd1 Qc7 16. Bf1 Rfe8 17. Kh1 Qb8 18. Qf2 Bd8 19. Rc2 Bc7 20. Rcd2 Rcd8 21. Bf4 Ne5 22. Bg5 Ned7 23. Bf4 Ne5 24. Bg5 Ned7 1/2-1/2

[Event "Camaguey Province-ch sf"]
[Site "Camaguey"]
[Date "2009.08.27"]
[Round "13"]
[White "Hernandez Fernandez, Ramon Alberto"]
[Black "Torres Delgado, Walfrido"]
[Result "1/2-1/2"]
[WhiteElo "2277"]
[BlackElo "2003"]
[PlyCount "79"]
[EventDate "2009.08.15"]
[EventType "tourn"]
[EventRounds "17"]
[EventCountry "CUB"]
[EventCategory "1"]
[SourceTitle "EXT 2012"]
[Source "ChessBase"]
[SourceDate "2011.11.24"]
[SourceVersion "1"]
[SourceVersionDate "2011.11.24"]
[SourceQuality "1"]

1. e4 c5 2. Nf3 g6 3. c4 Bg7 4. d4 cxd4 5. Nxd4 Nc6 6. Be3 Nf6 7. Nc3 Ng4 8. Qxg4 Nxd4 9. Qd1 Ne6 10. Rc1 Qa5 11. Qd2 b6 12. Bd3 Bb7 13. 0-0 g5 14. Rfd1 d6 15. Nd5 Qxd2 16. Rxd2 Rc8 17. Re1 h6 18. Bf1 Be5 19. b4 Nc7 20. Bd4 Bxd4 21. Rxd4 Nxd5 22. exd5 Kd8 23. f4 Rc7 24. a4 Bc8 25. Ra1 a5 26. bxa5 bxa5 27. fxg5 hxg5 28. Rb1 Rc5 29. Rd2 Kc7 30. Rf2 Rf8 31. Bd3 Bd7 32. Rfb2 Ra8 33. Re2 e5 34. Rf2 Rf8 35. Rfb2 f5 36. Rb7+ Kd8 37. Ra7 e4 38. Bf1 Re8 39. Rb8+ Bc8 40. Rb6 1/2-1/2

[Event "Camaguey Province-ch sf"]
[Site "Camaguey"]
[Date "2009.08.18"]
[Round "5"]
[White "Hechavarria Puga, Ernesto"]
[Black "Hernandez Fernandez, Ramon Alberto"]
[Result "0-1"]
[WhiteElo "2080"]
[BlackElo "2277"]
[PlyCount "122"]
[EventDate "2009.08.15"]
[EventType "tourn"]
[EventRounds "17"]
[EventCountry "CUB"]
[EventCategory "1"]
[SourceTitle "EXT 2012"]
[Source "ChessBase"]
[SourceDate "2011.11.24"]
[SourceVersion "1"]
[SourceVersionDate "2011.11.24"]
[SourceQuality "1"]

1. e4 c5 2. Nf3 Nc6 3. d4 cxd4 4. Nxd4 Nf6 5. Nc3 d6 6. Bg5 e6 7. Qd2 a6 8. f3 Bd7 9. 0-0-0 Be7 10. g4 d5 11. exd5 Nxd5 12. Bxe7 Ncxe7 13. Nxd5 Nxd5 14. Bc4 Nb6 15. Bd3 Qc7 16. Kb1 0-0 17. h4 Rad8 18. Qe3 e5 19. Nf5 Bxf5 20. gxf5 Nd5 21. Qe4 Qb6 22. Ka1 Qd4 23. Qxd4 exd4 24. Be4 Ne3 25. Rdg1 Rd6 26. Rg3 Kh8 27. Kb1 b5 28. Kc1 Rf6 29. Kd2 Nxf5 30. Bxf5 Rxf5 31. Re1 Rc8 32. Kd3 g6 33. Re4 Rc4 34. f4 Kg7 35. Rg5 Rfc5 36. Rxc5 Rxc5 37. Rxd4 Rh5 38. a4 Rxh4 39. axb5 axb5 40. c4 Rh3+ 41. Kc2 bxc4 42. Rxc4 Rh2+ 43. Kc3 h5 44. b4 h4 45. b5 h3 46. b6 Re2 47. Rd4 Re6 48. Rd3 Rxb6 49. Rxh3 Rd6 50. Re3 Kf6 51. Re5 Rd1 52. Ra5 Rf1 53. Ra4 Kf5 54. Kd3 Rxf4 55. Ra5+ Kg4 56. Ke3 Rb4 57. Ra6 g5 58. Rf6 Rf4 59. Ra6 f5 60. Ra1 Rb4 61. Rg1+ Kh5 0-1

[Event "Camaguey Province-ch sf"]
[Site "Camaguey"]
[Date "2009.08.17"]
[Round "3"]
[White "Robaina Hernandez, Carlos"]
[Black "Hernandez Fernandez, Ramon Alberto"]
[Result "0-1"]
[WhiteElo "2180"]
[BlackElo "2277"]
[PlyCount "84"]
[EventDate "2009.08.15"]
[EventType "tourn"]
[EventRounds "17"]
[EventCountry "CUB"]
[EventCategory "1"]
[SourceTitle "EXT 2012"]
[Source "ChessBase"]
[SourceDate "2011.11.24"]
[SourceVersion "1"]
[SourceVersionDate "2011.11.24"]
[SourceQuality "1"]

1. e4 c5 2. Nf3 Nc6 3. d4 cxd4 4. Nxd4 Nf6 5. Nc3 d6 6. Be2 e5 7. Nb3 Be7 8. 0-0 0-0 9. Kh1 a5 10. Bg5 a4 11. Nd2 a3 12. b3 Nxe4 13. Ndxe4 Bxg5 14. Qxd6 Be7 15. Qxd8 Rxd8 16. Bc4 Nb4 17. f4 exf4 18. Rxf4 Be6 19. Bxe6 fxe6 20. Rf2 Rac8 21. Re1 h6 22. g3 Rc6 23. Ree2 Rdc8 24. Nb5 Rxc2 25. Ned6 R8c5 26. Rxc2 Nxc2 27. Nc4 Rxb5 28. Rxc2 Kf7 29. Rf2+ Rf5 30. Re2 Rf1+ 31. Kg2 Ra1 32. Kf3 b5 33. Ne5+ Kg8 34. h4 Bf6 35. Nd3 Kf7 36. h5 Bb2 37. Nb4 e5 38. Ke4 Ke6 39. g4 Kf6 40. Kd5 Kg5 41. Ke4 Rg1 42. Nd3 Rxg4+ 0-1

[Event "Capablanca Memorial op 43rd"]
[Site "Havana"]
[Date "2008.05.16"]
[Round "9"]
[White "Santos, Marcus Vinicius M"]
[Black "Hernandez Fernandez, Ramon Alberto"]
[Result "1-0"]
[WhiteElo "2402"]
[BlackElo "2258"]
[PlyCount "35"]
[EventDate "2008.05.08"]
[EventType "swiss"]
[EventRounds "10"]
[EventCountry "CUB"]
[SourceTitle "CBM 124 Extra"]
[Source "ChessBase"]
[SourceDate "2008.07.03"]
[SourceVersion "1"]
[SourceVersionDate "2008.07.03"]
[SourceQuality "1"]

1. d4 Nf6 2. c4 g6 3. Nc3 Bg7 4. e4 d6 5. f4 0-0 6. Nf3 c5 7. d5 e6 8. Be2 Re8 9. Nd2 a6 10. a4 Qa5 11. 0-0 exd5 12. cxd5 b5 13. axb5 Qc7 14. Qc2 Bg4 15. Bd3 c4 16. Nxc4 axb5 17. Nxb5 Qc5+ 18. Be3 1-0

[Event "Havana UCI 6th"]
[Site "Havana"]
[Date "2007.11.12"]
[Round "1"]
[White "Hernandez Fernandez, Ramon Alberto"]
[Black "Montano Cordero, Alejandro E"]
[Result "1-0"]
[WhiteElo "2236"]
[BlackElo "2068"]
[PlyCount "47"]
[EventDate "2007.11.12"]
[EventType "tourn"]
[EventRounds "13"]
[EventCountry "CUB"]
[SourceTitle "EXT 2019"]
[Source "ChessBase"]
[SourceDate "2018.10.10"]
[SourceVersion "1"]
[SourceVersionDate "2018.10.10"]
[SourceQuality "1"]

1. e4 c5 2. Nf3 d6 3. d4 cxd4 4. Nxd4 Nf6 5. Nc3 a6 6. f3 e6 7. Be3 b5 8. Qd2 Nbd7 9. g4 h6 10. 0-0-0 Bb7 11. h4 b4 12. Na4 Qa5 13. b3 Nc5 14. a3 Nxa4 15. axb4 Qc7 16. bxa4 d5 17. e5 Nd7 18. f4 Nb6 19. Rh3 Nxa4 20. c4 dxc4 21. Qc2 Nb6 22. Nxe6 fxe6 23. Bxb6 Qe7 24. Qg6+ 1-0

[Event "Capablanca Memorial op 42nd"]
[Site "Havana"]
[Date "2007.05.24"]
[Round "6"]
[White "Hernandez Fernandez, Ramon Alberto"]
[Black "Soto Paez, Oliver de la Trinid"]
[Result "1/2-1/2"]
[WhiteElo "2252"]
[BlackElo "2350"]
[PlyCount "131"]
[EventDate "2007.05.18"]
[EventType "swiss"]
[EventRounds "10"]
[EventCountry "CUB"]
[SourceTitle "CBM 118 Extra"]
[Source "ChessBase"]
[SourceDate "2007.07.04"]
[SourceVersion "1"]
[SourceVersionDate "2007.07.04"]
[SourceQuality "1"]

1. e4 c5 2. Nf3 e6 3. d4 cxd4 4. Nxd4 a6 5. Bd3 Bc5 6. Nb3 Ba7 7. Qe2 d6 8. Be3 Nc6 9. c4 Nge7 10. Nc3 0-0 11. 0-0 e5 12. Rfd1 Be6 13. Bxa7 Rxa7 14. Qe3 Ra8 15. Bf1 Nb4 16. Qd2 Nc8 17. Nd5 Nc6 18. Rac1 b6 19. a4 a5 20. Qe3 Ra7 21. Nc3 Rd7 22. Rd2 g6 23. Rcd1 f5 24. Nb5 f4 25. Qc3 Kh8 26. Na1 g5 27. Nc2 Rf6 28. b4 g4 29. bxa5 Nxa5 30. g3 Nb7 31. Bg2 f3 32. Bf1 Nc5 33. Qe3 Nxa4 34. Nb4 Nc5 35. Ra2 Rf8 36. Ra8 Qf6 37. Rda1 Ne7 38. Nc3 Rdd8 39. R8a7 Rf7 40. Rb1 Rg7 41. Ra2 Qg6 42. Nbd5 Bxd5 43. cxd5 Nc8 44. Ra8 Rdg8 45. Rb4 h5 46. Na4 Nxa4 47. Rbxa4 h4 48. Rc4 Ne7 49. Rxg8+ Nxg8 50. Qxb6 Qh6 51. gxh4 Rh7 52. Rc7 Qg6 53. Rxh7+ Kxh7 54. h5 Qf6 55. Qc7+ Qe7 56. Qxe7+ Nxe7 57. h3 Ng8 58. hxg4 Nf6 59. Kh2 Nxg4+ 60. Kg3 Nf6 61. Kxf3 Nxh5 62. Kg4 Kg6 63. f3 Nf4 64. Kh4 Kf6 65. Kg4 Kg6 66. Kh4 1/2-1/2

[Event "Havana Fernandez Memorial 2nd Alfil"]
[Site "Havana"]
[Date "2007.04.10"]
[Round "7"]
[White "Hernandez Fernandez, Ramon Alberto"]
[Black "Camacho Martinez, Guillermo"]
[Result "1-0"]
[WhiteElo "2252"]
[BlackElo "2358"]
[PlyCount "74"]
[EventDate "2007.04.04"]
[EventType "tourn"]
[EventRounds "10"]
[EventCountry "CUB"]
[EventCategory "3"]
[SourceTitle "EXT 2019"]
[Source "ChessBase"]
[SourceDate "2018.10.10"]
[SourceVersion "1"]
[SourceVersionDate "2018.10.10"]
[SourceQuality "1"]

1. d4 Nf6 2. Nf3 e6 3. Bg5 h6 4. Bh4 d6 5. Nbd2 g5 6. Bg3 Nh5 7. e3 Bg7 8. Bd3 Nd7 9. Qe2 Qe7 10. 0-0-0 f5 11. Nc4 b5 12. Na5 a6 13. e4 f4 14. e5 Qf7 15. Kb1 d5 16. Bh4 Bf8 17. g4 Be7 18. gxh5 Qxh5 19. Nxg5 Qxe2 20. Bg6+ Kf8 21. Nxe6+ Kg8 22. Bxe7 Nxe5 23. dxe5 Bxe6 24. Bf6 Bg4 25. Rdg1 h5 26. h3 Rh6 27. Bf5 Qxf2 28. hxg4 h4 29. g5 Rh5 30. Be6+ Kh7 31. g6+ Kh6 32. g7 Qg3 33. Bxd5 Rc8 34. Nc6 h3 35. Ne7 Re8 36. Rxg3 fxg3 37. Nf5+ Kg6 1-0

[Event "Havana Fernandez Memorial 2nd Alfil"]
[Site "Havana"]
[Date "2007.04.06"]
[Round "3"]
[White "Hernandez Fernandez, Ramon Alberto"]
[Black "Ortiz Suarez, Isan Reynaldo"]
[Result "0-1"]
[WhiteElo "2252"]
[BlackElo "2387"]
[PlyCount "66"]
[EventDate "2007.04.04"]
[EventType "tourn"]
[EventRounds "10"]
[EventCountry "CUB"]
[EventCategory "3"]
[SourceTitle "EXT 2019"]
[Source "ChessBase"]
[SourceDate "2018.10.10"]
[SourceVersion "1"]
[SourceVersionDate "2018.10.10"]
[SourceQuality "1"]

1. e4 c5 2. Nf3 d6 3. d4 cxd4 4. Nxd4 Nf6 5. Nc3 a6 6. Be3 e6 7. Qd2 b5 8. f3 Nbd7 9. g4 h6 10. 0-0-0 Ne5 11. a3 Nfd7 12. g5 Nb6 13. gxh6 g6 14. Kb1 Nbc4 15. Qe1 Nxe3 16. Qxe3 Bxh6 17. f4 Qh4 18. Nde2 Nc4 19. Qd4 0-0 20. Rg1 Bg7 21. Qd3 Rb8 22. Rg3 a5 23. Nd4 Ba6 24. Qf3 b4 25. Bxc4 Bxc4 26. axb4 axb4 27. Na4 Rfc8 28. h3 b3 29. cxb3 Rb4 30. f5 Bxd4 31. fxg6 f5 32. bxc4 Be5 33. Qa3 Rcxc4 0-1